| 000 | 00736nam a22002415i 4500 | ||
|---|---|---|---|
| 001 | 16915 | ||
| 003 | ES-MaACL | ||
| 005 | 20250826151442.0 | ||
| 007 | t| | ||
| 008 | 001122s1987 sp ||||0| spa j | ||
| 020 | _a84-86256-43-7 | ||
| 040 |
_aM-BN _bspa _cM-BN |
||
| 080 | _a75 Cruz Herrera, José | ||
| 080 | _a929 Cruz Herrera, José | ||
| 100 | 1 |
_aRiquelme Sánchez, José. _997448 |
|
| 245 | 1 | 0 |
_aVida y obra del pintor José Cruz Herrera / _cJosé Riquelme Sánchez. |
| 260 |
_aSevilla : _bAlfar, _cD.L. 1987. |
||
| 300 |
_a85 p : _bil. col. y n ; _c30 cm. |
||
| 504 | _aBibliografía: p. 84. | ||
| 600 | 1 | 4 |
_aCruz Herrera, José, _d1890-1972 _941831 |
| 852 |
_aES-MaACL _jG-3288 _bR.119646 |
||
| 999 |
_c16915 _d16915 |
||